| 000 | 01273nac a22003857a 4500 | ||
|---|---|---|---|
| 001 | BR7602864 | ||
| 003 | BR-BrBNA | ||
| 005 | 20240105113944.0 | ||
| 008 | 230509b bl.|||m| |||| 00| 0 por d | ||
| 040 |
_aBR-BrBNA _bpor _cBiblioteca Nacional de Agricultura |
||
| 072 | _aE15; E70; F00 | ||
| 090 | _a0230 BR7602864 | ||
| 110 | 1 |
_aFundacao de Economia e Estatistica, Porto Alegre, RS (Brasil) _94853 |
|
| 245 | 1 | _aPrograma agroindustria Rio Grande do Sul. Cana-de-acucar. Termos de referencia [Saccharum officinarum; Previsao de safra; Microeconomia; Comercializacao; Brasil] | |
| 260 | 3 |
_aPorto Alegre, RS (Brasil): _c1976. |
|
| 300 | _a71 p. | ||
| 490 |
_aPrograma Agroindustria do Rio Grande do Sul (Brazil) _vno. 6 _x |
||
| 500 | _a14 tables | ||
| 650 | _aMicroeconomia | ||
| 650 | _aComercializacao | ||
| 650 | _aProducao vegetal | ||
| 650 | _aCana de acucar | ||
| 650 | _aCusto de producao | ||
| 650 | _aEstatistica de producao | ||
| 650 | _aFinanciamento | ||
| 650 | _aMercado internacional | ||
| 650 | _aMercado nacional | ||
| 650 | _aPreco | ||
| 650 | _aTransporte | ||
| 650 | _aPrevisao de safra | ||
| 650 | _aRendimento | ||
| 650 | _aRio Grande do Sul | ||
| 909 |
_a202312 _bLúcia Elande _c55 _dLúcia Elande |
||
| 942 |
_2AGRIS _n0 _cMS |
||
| 999 |
_c266553 _d266553 |
||